Giáo trình cơ sở an toàn thông tin
Cuốn sách bao gồm 11 chương, trình bài về: cơ sở lý thuyết mật mã và ứng dụng, kiểm soát hệ thống, khảo sát một số lĩnh vực cụ thể trong thực tế...
Enregistré dans:
| Auteur principal: | |
|---|---|
| Format: | Livre |
| Langue: | Vietnamese |
| Publié: |
H.
Bách khoa Hà Nội
2023
|
| Édition: | Xuất bản lần thứ 4 |
| Sujets: | |
| Tags: |
Ajouter un tag
Pas de tags, Soyez le premier à ajouter un tag!
|
| Thư viện lưu trữ: | Thư viện Trường Đại học Nam Cần Thơ |
|---|
| LEADER | 01689nam a22002657a 4500 | ||
|---|---|---|---|
| 001 | NCT_4_013417 | ||
| 008 | 241017b xxu||||| |||| 00| 0 vie d | ||
| 999 | |c 8636 |d 8636 | ||
| 020 | |a 9786049503955 |c 125000 | ||
| 082 | 0 | 4 | |2 23rd ed. |a 005.8 |b V115 |
| 100 | 1 | |a Nguyễn Khanh Văn | |
| 245 | 1 | 0 | |a Giáo trình cơ sở an toàn thông tin |c Nguyễn Khanh Văn |
| 250 | |a Xuất bản lần thứ 4 | ||
| 260 | |a H. |b Bách khoa Hà Nội |c 2023 | ||
| 300 | |a 255 tr. |b Minh họa |c 24cm | ||
| 504 | |a Thư mục: tr. 251-255 | ||
| 520 | 3 | |a Cuốn sách bao gồm 11 chương, trình bài về: cơ sở lý thuyết mật mã và ứng dụng, kiểm soát hệ thống, khảo sát một số lĩnh vực cụ thể trong thực tế... | |
| 653 | |a Công nghệ thông tin | ||
| 942 | |2 ddc |c BK | ||
| 952 | |0 0 |1 0 |2 ddc |4 0 |6 005_800000000000000_V115 |7 0 |9 29565 |a 000001 |b 000001 |d 2024-10-17 |o 005.8 V115 |p MD.22841 |r 2024-10-17 |v 125000.00 |w 2024-10-17 |y BK | ||
| 952 | |0 0 |1 0 |2 ddc |4 0 |6 005_800000000000000_V115 |7 0 |9 29566 |a 000001 |b 000001 |d 2024-10-17 |o 005.8 V115 |p MD.22842 |r 2024-10-17 |v 125000.00 |w 2024-10-17 |y BK | ||
| 952 | |0 0 |1 0 |2 ddc |4 0 |6 005_800000000000000_V115 |7 0 |9 29567 |a 000001 |b 000001 |d 2024-10-17 |o 005.8 V115 |p MD.22843 |r 2024-10-17 |v 125000.00 |w 2024-10-17 |y BK | ||
| 952 | |0 0 |1 0 |2 ddc |4 0 |6 005_800000000000000_V115 |7 0 |9 29568 |a 000001 |b 000001 |d 2024-10-17 |o 005.8 V115 |p MD.22844 |r 2024-10-17 |v 125000.00 |w 2024-10-17 |y BK | ||
| 952 | |0 0 |1 0 |2 ddc |4 0 |6 005_800000000000000_V115 |7 0 |9 29569 |a 000001 |b 000001 |d 2024-10-17 |o 005.8 V115 |p MD.22845 |r 2024-10-17 |v 125000.00 |w 2024-10-17 |y BK | ||
| 980 | |a Thư viện Trường Đại học Nam Cần Thơ | ||


